Štúdium vlastností termorezistentných nástrojových materiálov pripravených z granulátov

Bibliographic Details
Main Authors: Stanček, Ladislav, 1946- (Author), Križan, Ladislav, 1922-1990 (Author), Prokša, Miroslav, 1954- (Author)
Format: Article
Language:Slovak
PhysicalDescription:Obr. 13. Tb. 2. Res. rus., nem., lit. 6 zázn. v slov., ruš., angl.
Subjects:

MARC

LEADER 00000nab a2200000 a 4500
001 vtls000148620
003 SK-MaSNL
005 20260304131537.0
008 160204c1983 xo 0 slo
015 |a SNBRA19rr/mm-uuuuu 
035 |a CL0158727 
040 |a SNKBUCL  |b slo  |c SNKBUCL  |e AACR2 
041 0 |a slo 
044 |a xo  |c SK 
080 |a 669.1:669.132  |2 1981 
080 |a 669.132  |2 1981 
100 1 |a Stanček, Ladislav,  |d 1946-  |4 aut  |9 204559 
245 1 0 |a Štúdium vlastností termorezistentných nástrojových materiálov pripravených z granulátov  |c Ladislav Stanček, Ladislav Križan, Miroslav Proksa 
300 |b Obr. 13. Tb. 2. Res. rus., nem., lit. 6 zázn. v slov., ruš., angl. 
650 0 7 |a materiály termorezistentné nástrojové  |x granuláty  |2 snkbucl  |9 932388 
655 7 |a články zo zborníkov  |2 snkbucl  |9 166140 
700 1 |a Križan, Ladislav,  |d 1922-1990  |4 aut  |9 49548 
700 1 |a Prokša, Miroslav,  |d 1954-  |4 aut  |9 375707 
773 0 |t Zborník vedeckých prác Strojníckej fakulty Slovenskej vysokej školy technickej v Bratislave 18  |d Bratislava : Alfa, 1983  |g S. 327-344 
850 |a Slovenská národná knižnica v Martine  |a MTA001 
852 |a SNK  |b KIS3GCP 
958 |a NB 
958 |a RK 
992 |a RZB 
999 |c 1480188  |d 1482118